| 000 | 00000nas 2200000za 4500 |
|---|---|
| 001 | 9.830740 |
| 003 | CaOODSP |
| 005 | 20250403105833 |
| 007 | cr ||||||||||| |
| 008 | 170117c20179999onc x m o||||f0 b0fre|d |
| 040 | |aCaOODSP|bfre |
| 043 | |an-cn--- |
| 086 | 1 |aCS98-200F-PDF |
| 245 | 00|aRecensement en bref |h[ressource électronique]. |
| 260 | |aOttawa : |bStatistique Canada,|c[2017]- |
| 310 | |aIrrégulier |
| 362 | 1 |a[Jan. 2017]- |
| 500 | |aPubl. également en anglais sous le titre: Census in brief. |
| 710 | 2 |aStatistique Canada. |
| 775 | 08|tCensus in brief |w(CaOODSP)9.830736 |